00888 a2200193 4500020001500000040001300015082001200028100001900040245009900059260005700158300003300215500005000248650007800298700002000376942002500396999001500421952013300436952012500569 a0130214353 aDLCbDLC a621.382 aWang, Xiaodong aWireless communication systems: advanced techniques for signal receptioncWang, XiaodonghBook aNew Delhi : c2004.bPearson Education, Inc.,cc2004. axv, 682 p.b: ill.c; 25 cm. aIncludes bibliographical references and index a1.Wireless communication systems.2.Signal processing--Digital techniques. aH. Vincent Poor cBKk621.382 WAN2ddc c8470d8470 001040708NFICaCLbCLcGENd2005-03-10ePak Book Corporationg265.50l0o621.382 WANpSEECS005414r2012-11-14w2017-01-05yBK 001040708NFICaCLbCLcGENd2015-02-17eGolden Booksg648.00l0o621.382 WANpSEECS013292r2021-10-22w2017-01-05yBK